| 000 | 00538nmm a2200157Ia 4500 | ||
|---|---|---|---|
| 008 | 251105s9999||||xx |||||||||||||||||und|| | ||
| 020 | _a9781558852990 | ||
| 041 | _aspa | ||
| 100 | _aRosales, F. Arturo | ||
| 245 | 0 |
_aTestimonio : _b A documentary history of the Mexican-American struggle for civil rights |
|
| 264 |
_a[Washington, Estados Unidos] : _bArte Público Press, _c2000 |
||
| 300 | _a448 páginas | ||
| 650 | _aHistory of the Americas: North America | ||
| 856 | _uhttps://public.digitaliapublishing.com/a/21540 | ||
| 942 | _cCF | ||
| 999 |
_c74708 _d74708 |
||